000
00449 a2200133 4500
000
nam a22 7a 4500
100
_a
गोयल, जितेन्द्र
110
_a
गोयल, जितेन्द्र
245
_a
तेरा मेरा सबका सच
250
_a
Latest edition
260
_b
मोनिका प्रकाशन
_c
2021
264
_b
मोनिका प्रकाशन
_c
2021
942
_c
BK
999
_c
396542
_d
396542